000 00398nam a2200145Ia 4500
005 20260328104335.0
008 260328s9999||||xx |||||||||||||| ||und||
100 _aÁngel, Marcela
245 0 _aLa Ciudad Región :
_b El Paisaje Intermedio. Casos de Estudio /
_cMarcela Ángel
250 _a1a ed.
260 _bUniversidad de los Andes
300 _a176 p.
650 _aPAISAJISMO
942 _cBK
999 _c11867
_d11867